000 00378nam a22001697a 4500
003 SGT
020 _a9789392787207
082 _a340
_bC22Y
100 _aYADAV, VIPIN
245 _aCAPITAL PUNISHMENT
250 _a1ST
260 _aINDIA
_bSSB PUB.
_c2022
300 _a133
650 _aLAW
653 _aCAPITAL PUNISHMENT , SGTU FACULTY PUBLICATION
942 _2ddc
_cBK
999 _c24465
_d24465